La sécurité dans les réseaux sans fil et mobiles 1 : (Record no. 54630)

MARC details
000 -LEADER
fixed length control field 00869nam a22002177a 4500
007 - PHYSICAL DESCRIPTION FIXED FIELD--GENERAL INFORMATION
fixed length control field 00
008 - FIXED-LENGTH DATA ELEMENTS--GENERAL INFORMATION
fixed length control field 160620b xxu||||| |||| 00| 0 eng d
020 ## - INTERNATIONAL STANDARD BOOK NUMBER
International Standard Book Number 978-2-7462-1697-6
040 ## - CATALOGING SOURCE
Original cataloging agency BUAC
Transcribing agency BUC
041 ## - LANGUAGE CODE
Language code of text/sound track or separate title Fre.
100 ## - MAIN ENTRY--PERSONAL NAME
Personal name Chaouchi, Hakima
245 ## - TITLE STATEMENT
Title La sécurité dans les réseaux sans fil et mobiles 1 :
Remainder of title concepts fondamentaux
Statement of responsibility, etc / ss. la dir. de Hakima Chaouchi, Maryline Laurent - Maknavicius
260 ## - PUBLICATION, DISTRIBUTION, ETC. (IMPRINT)
Place of publication, distribution, etc Paris :
Name of publisher, distributor, etc Lavoisier,
Date of publication, distribution, etc 2007
300 ## - PHYSICAL DESCRIPTION
Extent 239-XII p.
Dimensions 24 cm.
Other physical details couv. en coul. ;
440 ## - SERIES STATEMENT/ADDED ENTRY--TITLE
Title (Information - Commande - Communication, Série Réseaux et Télécoms)
500 ## - GENERAL NOTE
General note Compr. bibliogr. à la fin de chaque chapitre du vol. ; Index : pp. (227-233)
630 ## - SUBJECT ADDED ENTRY--UNIFORM TITLE
Uniform title Sciences Appliquées - Techniques
650 ## - SUBJECT ADDED ENTRY--TOPICAL TERM
Topical term or geographic name as entry element Télécommunication : réseau : sécurité
700 ## - ADDED ENTRY--PERSONAL NAME
Personal name Laurent - Maknavicius, Laurent
942 ## - ADDED ENTRY ELEMENTS (KOHA)
Item type Livre
Holdings
Withdrawn status Lost status Damaged status Not for loan Location (home branch) Sublocation or collection (holding branch) Date acquired Source of acquisition Coded location qualifier Koha issues (times borrowed) Koha full call number Piece designation (barcode) Koha date last seen Copy number Price effective from Koha item type Shelving location
        Bibliothèque Universitaire Centrale Bibliothèque Universitaire Centrale 11/06/2015 Don ARES 16/404   621.39 CHA 16-404BUC 20/06/2016 1 20/06/2016 Libre Accès  
        Bibliothèque Universitaire Centrale Bibliothèque Universitaire Centrale 17/07/2017 Don ARES 17/282   621.39 CHA 17-282Buc 17/07/2017 2 17/07/2017 Libre Accès  
        Bibliothèque Universitaire Centrale Bibliothèque Universitaire Centrale 17/07/2017 Don ARES 17/271   621.39 CHA 17-271Buc 17/07/2017 3 17/07/2017 Libre Accès  


© 2008, Bibliothèques de l'Université d'Abomey-Calavi

04 BP 789 Cotonou, Tél. : +229 21 36 01 01, Fax : +229 21 35 06 32

Courriel : bu@bu.uac.bj